01000cam a2200265 a 450000100100000000500170001000800410002704000360006808200190010410000370012324501020016026000510026230000210031349000100033465000330034465000440037765000320042165000190045370000480047283000180052091000340053895201230057299900300069504900090072500001296220260417200014.0850930s1964 sp 001 0 spa  aDO-SdBNPbspacCarPdDLCdBNPHU a346.054bP293r1 aPastor Ridruejo, Félix.92987713aLa revocación del testamento /cFélix Pastor Ridruejo ; prólogo José Luis Lacruz Berdejo. aBarcelona, España :bEdiciones Nauta,c1964. a350 p. ;c21 cm.1 aFides 4aTestamentoszEspaña929878 4aRevocación (derecho)zEspaña929879 4aAcción revocatoria929880 0aNulidad9298811 aLacruz Berdejo, José Luisepról.929882 0aFides.929660 aCatalogación por copia / LC 001052708MOaGRbGRcCTd2009-11-18iLF1l0o346.054 P293rp12962-10r2020-06-25w2020-06-25y2ZPréstamo interno a1 n0000162c12610d12610 aBNGR